| 000 | 01051cam a2200313 ab4500 | ||
|---|---|---|---|
| 999 |
_c1672 _d1672 |
||
| 001 | 703175 | ||
| 003 | INLPI | ||
| 005 | 20230118134048.0 | ||
| 008 | 180404s2017 nyua b 000 j eng d | ||
| 020 |
_a9781481495240 _q(pbk.) |
||
| 035 | _a(SPYDUS)723648 | ||
| 040 |
_aNLPI _beng _cNLPI _dNLPI _eaacr2 |
||
| 042 | _anbic | ||
| 082 | 0 | _a813.6 COV | |
| 100 | 1 |
_aCoven, Wanda, _eauthor. |
|
| 245 | 1 | 0 |
_aHeidi Heckelbeck and the never-ending day _h[children's book] / _cby Wanda Coven ; illustrated by Priscilla Burris. |
| 250 | _aFirst Little Simon hardcover edition. | ||
| 260 |
_aNew York : _bLittle Simon, _c2017. |
||
| 300 |
_a117 pages : _billustrations ; _c20 cm. |
||
| 490 | 1 |
_aHeidi Heckelbeck ; _v21. |
|
| 650 | 0 |
_aDogs _vJuvenile fiction. |
|
| 650 | 0 |
_aAnimals _xInfancy _vJuvenile fiction. |
|
| 650 | 0 |
_aLost and found possessions _vJuvenile fiction. |
|
| 650 | 0 |
_aMagic _vJuvenile fiction. |
|
| 650 | 0 |
_aWitches _vJuvenile fiction. |
|
| 700 | 1 |
_aBurris, Priscilla, _eillustrator. |
|
| 830 | 0 |
_aHeidi Heckelbeck ; _v21. |
|
| 942 |
_2ddc _cNFIC |
||